00979nam a22002057a 4500008004100000040000800041041000800049082001800057100002100075245003900096300002300135336002700158337003300185338002900218505026300247650010900510942001400619952012300633999001700756260701s1978 mx eo|||r|||| 000 0 spa d bspa aSPA04a972.4502bD52 aDIAZ R, FERNANDO aLAS MISIONESDE FRAY JUNIPERO SERRA c23.5 cm x 18.5 cm  2rdacontentatextobtxt 2rdamediaasin mediaciónbn 2rdacarrieravolumen bnc aPRESENTA LA HISTORIA DE LAS CINCO MISIONES FRANCISCANAS DE LA SIERRA GORDA DE QUERÉTARO (JALPAN, LANDA, TILACO, TANCÓYOL Y CONCÁ), FUNDADAS ENTRE 1750 Y 1760, Y DESTACA SU VALOR COMO JOYAS DEL BARROCO NOVOHISPANO Y PATRIMONIO CULTURAL DE LA HUMANIDAD.  aGEOGRAFÍA E HISTORIAvHISTORIA GENERAL DE AMÉRICA DEL NORTExMEOAMÉRICA (AMÉRICA MEDIA) MÉXICO 2ddccCOLQ 00102ddc40728ESPQaBPCEFCbBPCEFCd2026-07-01eDONACIONl0oCQ 972.4502 D52r2026-07-01 20:32:06w2026-07-01yCOLQ c68736d68736